Molecular detection and antibiotic resistance profiling of escherichia coli and salmonella spp. isolated from apparently healthy and diarrheic pets in dhaka city, bangladesh / (Record no. 17681)

MARC details
000 -LEADER
fixed length control field 01235nam a22002777a 4500
001 - CONTROL NUMBER
control field BD-DhSAU
003 - CONTROL NUMBER IDENTIFIER
control field BD-DhSAU
005 - DATE AND TIME OF LATEST TRANSACTION
control field 20241212164211.0
008 - FIXED-LENGTH DATA ELEMENTS--GENERAL INFORMATION
fixed length control field 150420b2005 bg ||||| m||| 00| 0 eng d
040 ## - CATALOGING SOURCE
Original cataloging agency BD-DhSAU
082 ## - DEWEY DECIMAL CLASSIFICATION NUMBER
Edition number 22
Classification number 616.96
Item number R821
100 ## - MAIN ENTRY--PERSONAL NAME
Personal name ADNAN, M. RUBAIYAT
Relator term Registration No. # 16-07247
245 ## - TITLE STATEMENT
Title Molecular detection and antibiotic resistance profiling of escherichia coli and salmonella spp. isolated from apparently healthy and diarrheic pets in dhaka city, bangladesh /
Remainder of title MS thesis
260 ## - PUBLICATION, DISTRIBUTION, ETC. (IMPRINT)
Place of publication, distribution, etc. Sher-e-Bangla Agricultural University:
Name of publisher, distributor, etc. Department of microbiology and parasitology ,
Date of publication, distribution, etc. 2023
300 ## - PHYSICAL DESCRIPTION
Extent xi, 92p. ;
Dimensions 30 cm.
500 ## - GENERAL NOTE
General note MS thesis of Department of microbiology and parasitology<br/>SYSTEM , Faculty of ASVM, Sher-e-Bangla Agricultural University, Dhaka, Bangladesh
504 ## - BIBLIOGRAPHY, ETC. NOTE
Bibliography, etc Includes bibliographical reference.
590 ## - Name of Cataloguer
Name of Cataloger Nazmul
650 ## - SUBJECT ADDED ENTRY--TOPICAL TERM
Topical term or geographic name as entry element molecular detection and antibiotic resistance profiling
651 ## - SUBJECT ADDED ENTRY--GEOGRAPHIC NAME
Geographic name coli and salmonella spp. isolated
654 ## - SUBJECT ADDED ENTRY--FACETED TOPICAL TERM
Focus term diarrheic pets in dhaka city, bangladesh
700 ## - ADDED ENTRY--PERSONAL NAME
Personal name Assist. Prof. Dr. Mahfuzul Islam
Relator term Superviser
700 ## - ADDED ENTRY--PERSONAL NAME
Personal name Assist. Prof. S. M. Abdullah
Relator term Co-superviser
942 ## - ADDED ENTRY ELEMENTS (KOHA)
Source of classification or shelving scheme Dewey Decimal Classification
Koha item type MS Level Thesis
Holdings
Withdrawn status Lost status Source of classification or shelving scheme Damaged status Not for loan Collection code Home library Branch Name Date acquired Total Checkouts Full call number Barcode Date last seen Price effective from Koha item type
    Dewey Decimal Classification   Not For Loan Reference SAU Library SAU Library 12/12/2024   616.96 R821 45486 12/12/2024 12/12/2024 MS Level Thesis